Léa ou la théorie des systèmes complexes (Record no. 13906)

MARC details
010 ## - Numéro international normalisé du livre (ISBN)
ISBN 9782330200725
Disponibilité et/ou prix 19,80 EUR
099 ## - Visibilité opac
notice masquée en opac Non
100 ## - Données générales de traitement
Données générales de traitement 20250716d m y0frey50 ba
101 0# - Langue de la ressource
Langue du texte, de la bande son, etc. français
102 ## - Pays de publication ou de production
Pays de publication France
200 1# - Titre et mention de responsabilité
Titre propre Léa ou la théorie des systèmes complexes
Indication générale du type de document Livre
214 #0 - Mentions de production, publication, diffusion et manufacture
Nom de l’éditeur Actes sud
Date de publication DL 2025
214 #3 - Mentions de production, publication, diffusion et manufacture
Nom de l’éditeur Impr. CORLET IMPRIMEUR
215 ## - Description physique
Nombre de pages 1 vol. (280 p.)
225 1# - Collection
Titre de la collection ACTES SUD-PAPIERS
330 ## - Résumé ou extrait
Texte de la note Une bombe détruit le siège luxembourgeois de Koch Industries plus grosse entreprise pétrolière non cotée des États-Unis. Les raisons de cette violence sont alors déployées et l on suit l évolution de Léa, militante écologiste, face à l effondrement climatique en cours.
610 ## - Mot-clé
Mot-clé Ecologie
700 ## - Auteur principal
Nom De Toffoli
Prénom Ian
105 ## - Zone de données codées : textes, monographies
Données codées sur les monographies textuelles ||||z 00|||
181 #0 - Zone de données codées : Forme de la ressource
Données de liaison entre champs 01
Forme du contenu selon l’ISBD sous forme codée i
Qualificatif(s) du contenu selon l’ISBD sous forme codée xxxe
181 ## - Zone de données codées : Forme de la ressource
Données de liaison entre champs 02
Autre référentiel utilisé pour coder la forme du contenu texte
Code du référentiel rdacontent
182 #0 - Zone de données codées : type de média
Données de liaison entre champs 01
Type de médiation selon l’ISBD sous forme codée sans média
182 ## - Zone de données codées : type de média
Données de liaison entre champs 02
Autre référentiel utilisé pour coder le type de médiation sans média
Code du référentiel rdamedia
214 #0 - Mentions de production, publication, diffusion et manufacture
Lieu de publication, production, distribution/diffusion, fabrication Arles
214 #3 - Mentions de production, publication, diffusion et manufacture
Lieu de publication, production, distribution/diffusion, fabrication 14-CONDÉ EN NORMANDIE
215 ## - Description physique
Dimensions 19 cm
700 ## - Auteur principal
Eléments ajoutés aux noms autres que les dates Auteur du texte
801 #0 - Origine de la notice
Pays FR
Agence de catalogage FR-751131015
Date de la transaction 20250716
Règles de catalogage utilisées AFNOR
Identifiant d'origine FRBNF485537190000004
Code du format utilisé intermrc
856 #2 - Adresse électronique et mode d’accès
Uniform Resource Identifier 1090668
Numéro d'accès Première de couverture
000 -Etiquette de la notice
Leader 01306nam a2200373 4500
003 - Identifiant de la notice
Identifiant http://catalogue.bnf.fr/ark:/12148/cb48553719j
005 - Identifiant de la version
Identifiant 20250827144139.0
073 #0 - EAN
Numéro normalisé 9782330200725
Holdings
Exclu du prêt Date de création Site actuel Code barre Date prix de remplacement Cote Statut Site de rattachement Type de document Koha
  27.08.2025 Théâtre Joliette JOL-007412 27.08.2025 LITT TOF   Théâtre Joliette Livre